Normal view
MARC view
- Greenstein, Marilyn:Vasarhelyi, Miklos
Entry Personal Name
001 - CONTROL NUMBER
- control field: 60666
003 - CONTROL NUMBER IDENTIFIER
- control field: NUST
005 - DATE AND TIME OF LATEST TRANSACTION
- control field: 20210628202609.0
008 - FIXED-LENGTH DATA ELEMENTS
- fixed length control field: 210628|| aca||aabn | a|a d
040 ## - CATALOGING SOURCE
- Original cataloging agency: NUST
- Transcribing agency: NUST
100 ## - HEADING--PERSONAL NAME
- Personal name: Greenstein, Marilyn:Vasarhelyi, Miklos
670 ## - SOURCE DATA FOUND
- Source citation: Work cat.: (NUST): Greenstein, Marilyn:Vasarhelyi, Miklos, Electronic commerce;security, risk management and control, 2002
